000
00314nam a2200121Ia 4500
008
220217s9999 xx 000 0 und d
245
0
_a
Glossary of terms relating to bitumen and tar. (Second Revision).
260
_c
1982
500
_a
Standard number: IS 334
650
_a
Bitumen
650
_a
Tar
942
_c
ST
999
_c
73644
_d
73644